Peruanos de segunda mano / (Record no. 22449)

000 -CABECERA
campo de control de longitud fija 00726nam a22002417a 4500
003 - IDENTIFICADOR DEL NÚMERO DE CONTROL
campo de control OSt
005 - FECHA Y HORA DE LA ÚLTIMA TRANSACCIÓN
campo de control 20220824145209.0
008 - DATOS DE LONGITUD FIJA--INFORMACIÓN GENERAL
campo de control de longitud fija 191004s2019 pe 000 0 spa
010 ## - NÚMERO DE CONTROL DE LA BIBLIOTECA DEL CONGRESO
Número de control de LC 2019276608
020 ## - NÚMERO INTERNACIONAL ESTÁNDAR DEL LIBRO
Número Internacional Estándar del Libro 9786124783388
035 ## - NÚMERO DE CONTROL DEL SISTEMA
Número de control de sistema (PE-LiEIC)it201600017242
040 ## - FUENTE DE LA CATALOGACIÓN
Centro/agencia transcriptor Biblioteca Municipal de Cusco
082 ## - NÚMERO DE LA CLASIFICACIÓN DECIMAL DEWEY
Número de clasificación 869.57/C5788P
Notación interna 5788P
100 1# - ENTRADA PRINCIPAL--NOMBRE DE PERSONA
Nombre de persona Chuquicaña Saldaña, Yero
9 (RLIN) 48224
245 10 - MENCIÓN DE TÍTULO
Título Peruanos de segunda mano /
Mención de responsabilidad, etc. Yero Chuquicaña Saldaña
250 ## - MENCIÓN DE EDICIÓN
Mención de edición Primera edición
264 #1 - PRODUCCIÓN, PUBLICACIÓN, DISTRIBUCIÓN, FABRICACIÓN Y COPYRIGHT
Producción, publicación, distribución, fabricación y copyright Arequipa :
Nombre del de productor, editor, distribuidor, fabricante Aletheya,
Fecha de producción, publicación, distribución, fabricación o copyright 2019.
300 ## - DESCRIPCIÓN FÍSICA
Extensión 112 páginas ;
Dimensiones 21 cm.
500 ## - NOTA GENERAL
Nota general Cuentos
500 ## - NOTA GENERAL
Nota general "Amor, terror, hambre"--Cubierta.
650 ## - PUNTO DE ACCESO ADICIONAL DE MATERIA--TÉRMINO DE MATERIA
Término de materia o nombre geográfico como elemento de entrada Cuentos peruanos
Subdivisión cronológica Siglo XXI
9 (RLIN) 48225
942 ## - ELEMENTOS DE PUNTO DE ACCESO ADICIONAL (KOHA)
Fuente del sistema de clasificación o colocación
Tipo de ítem Koha Libros-BMC
Holdings
Estado de retiro Estado de pérdida Fuente del sistema de clasificación o colocación Estado dañado No para préstamo Localización permanente Ubicación/localización actual Ubicación en estantería Fecha de adquisición Fuente de adquisición Coste, precio normal de compra Signatura topográfica completa Código de barras Fecha visto por última vez Precio válido a partir de Tipo de ítem Koha
          Sala Humanidades Sala Humanidades Book Cart 2022-08-24 Donación 30.00 869.57/C5788P SH0000016341 2022-08-24 2022-08-24 Libros-BMC
          Sala Humanidades Sala Humanidades Book Cart 2022-08-24 Donación 30.00 869.57/C5788P/e.2 SH0000016342 2022-08-24 2022-08-24 Libros-BMC

Powered by Koha